000 00518nam a2200181Ia 4500
008 100917s9999 xx 000 0 und d
082 _b14724
100 _aभिडे भि. गो.
245 _aभुताटकीचा बुरूज
260 _b---
_c1925
300 _a228
365 _b2
520 _aकादंबरी
630 _aभुताटकीचा बुरूज
650 _aकादंबरी
730 _aभुताटकीचा बुरूज
942 _cBOOK
999 _c620118
_d620115